[Event "DEM U10"]
[Site "Willingen"]
[Date "2006.06.04"]
[Round "2.1"]
[White "Plotkin, Alex"]
[Black "Günthner, Arthur"]
[Result "1/2-1/2"]
[WhiteElo "1364"]
[BlackElo "1674"]
[PlyCount "132"]
[EventDate "2006.??.??"]
[EventType "swiss"]
[EventRounds "11"]
[EventCountry "GER"]

1. e4 e5 2. Nf3 Nc6 3. Bb5 a6 4. Ba4 Nf6 5. O-O Be7 6. Re1 b5 7. Bb3 O-O 8. c3
d6 9. d4 Bg4 10. d5 Na5 11. Bc2 c6 12. dxc6 Qc7 13. Nbd2 Qxc6 14. Nb3 Nc4 15.
Nbd2 Nxd2 16. Bxd2 Rfc8 17. Rc1 Qb7 18. Bg5 Qb8 19. Bb3 a5 20. Bc2 b4 21. cxb4
axb4 22. Bb3 Rxc1 23. Qxc1 h6 24. Bd2 Qb7 25. Qc2 Rc8 26. Bc4 Be6 27. b3 Qc6
28. Bxb4 Bxc4 29. bxc4 Qxc4 30. Qxc4 Rxc4 31. Ba3 Rxe4 32. Rxe4 Nxe4 33. Nxe5
Bh4 34. Ng4 h5 35. f3 Nc3 36. Ne3 d5 37. Bb2 d4 38. Bxc3 dxc3 39. Kf1 Bg5 40.
Ke2 Kf8 41. Kd3 Bf4 42. g3 Be5 43. Nd5 Bd4 44. Nxc3 Bg1 45. h3 Bf2 46. g4 h4
47. a4 Ke7 48. Ne4 Bb6 49. f4 Ke6 50. Ng5+ Kf6 51. Nf3 Bf2 52. a5 Ke6 53. a6
Kd5 54. Nxh4 Kc6 55. a7 Bxa7 56. Nf5 g6 57. Nh6 f6 58. h4 Bb8 59. Ke4 Kd7 60.
h5 gxh5 61. gxh5 Ke7 62. Kf5 Bc7 63. Ng4 Kf7 64. Nh2 Kg7 65. Ng4 Bb8 66. h6+
Kf7 1/2-1/2

[Event "DEM U10"]
[Site "Willingen"]
[Date "2006.06.04"]
[Round "2.2"]
[White "Osmanodja, Filiz"]
[Black "Peil, Christoph"]
[Result "1-0"]
[WhiteElo "1609"]
[BlackElo "1339"]
[PlyCount "85"]
[EventDate "2006.??.??"]
[EventType "swiss"]
[EventRounds "11"]
[EventCountry "GER"]

1. e4 c5 2. Nf3 Nc6 3. d4 cxd4 4. Nxd4 g6 5. Nc3 Bg7 6. Be3 Nf6 7. Bc4 O-O 8.
Bb3 d6 9. f3 Bd7 10. Qd2 a6 11. g4 b5 12. O-O-O Na5 13. h4 Nxb3+ 14. Nxb3 Be6
15. Nd4 Bd7 16. h5 b4 17. Nce2 a5 18. hxg6 fxg6 19. Bh6 Bxh6 20. Qxh6 Rf7 21.
Nf4 Qf8 22. Qh4 Qg7 23. Nde6 Bxe6 24. Nxe6 Qh8 25. Ng5 Rff8 26. f4 Rfc8 27. f5
Qg7 28. Rh2 Rc6 29. Rdh1 Rac8 30. Ne6 Qf7 31. g5 Nh5 32. Rf2 Qe8 33. fxg6 hxg6
34. Rf8+ Qxf8 35. Nxf8 Kxf8 36. Rh2 Kg7 37. Rf2 Rc4 38. Qg4 Rf8 39. Rxf8 Kxf8
40. Qe6 Rc5 41. Qxg6 Nf4 42. Qh6+ Kf7 43. Qh7+ 1-0

[Event "DEM U10"]
[Site "Willingen"]
[Date "2006.06.04"]
[Round "2.3"]
[White "Preiß, Vincent"]
[Black "Möhn, Hans"]
[Result "0-1"]
[WhiteElo "1289"]
[BlackElo "1580"]
[PlyCount "80"]
[EventDate "2006.??.??"]
[EventType "swiss"]
[EventRounds "11"]
[EventCountry "GER"]

1. d4 Nf6 2. Nf3 g6 3. c4 Bg7 4. Nc3 O-O 5. e4 d6 6. Bf4 Nh5 7. Bg3 Nd7 8. Be2
e5 9. d5 f5 10. exf5 Nxg3 11. hxg3 gxf5 12. Qc2 e4 13. Nh4 Ne5 14. f3 exf3 15.
gxf3 Qg5 16. Kf2 f4 17. g4 Ng6 18. Ne4 Bd4+ 19. Kg2 Nxh4+ 20. Kf1 Qe7 21. Rd1
Be3 22. Bd3 Rf7 23. g5 Ng6 24. Nf6+ Rxf6 25. gxf6 Qxf6 26. Rh6 Qg5 27. Qh2 Nf8
28. Bxh7+ Nxh7 29. Rxh7 Qg1+ 30. Qxg1+ Bxg1 31. Kxg1 Kxh7 32. Rd4 Bd7 33. Rxf4
Kg7 34. Re4 Re8 35. Rh4 Re2 36. Rh2 Rxh2 37. Kxh2 Kf6 38. Kg2 Bf5 39. Kf2 Bb1
40. a3 Ba2 0-1

[Event "DEM U10"]
[Site "Willingen"]
[Date "2006.06.04"]
[Round "2.4"]
[White "Noe, Christopher"]
[Black "Dang, An-Hai"]
[Result "1-0"]
[WhiteElo "1555"]
[BlackElo "1334"]
[PlyCount "69"]
[EventDate "2006.??.??"]
[EventType "swiss"]
[EventRounds "11"]
[EventCountry "GER"]

1. e4 d5 2. exd5 Nf6 3. d4 Nxd5 4. c4 Nf6 5. Nf3 Bg4 6. Be2 e6 7. Nc3 Be7 8. h3
Bf5 9. Be3 Nc6 10. a3 O-O 11. O-O Qd7 12. Qd2 Rad8 13. Rad1 Ne4 14. Nxe4 Bxe4
15. Qc3 Bf6 16. Ne5 Bxe5 17. dxe5 Qe7 18. b4 a6 19. Bc5 Qg5 20. f3 Bf5 21. f4
Qg6 22. Bxf8 Rxf8 23. Kh2 Be4 24. Bf3 Bxf3 25. Rxf3 Rc8 26. b5 axb5 27. cxb5
Na7 28. Qxc7 h6 29. Qxb7 Rc2 30. Rg3 Qf5 31. Qxa7 Qxf4 32. Qe3 Qc4 33. Qd3 Qc5
34. Qe4 Rc4 35. Rd8+ 1-0

[Event "DEM U10"]
[Site "Willingen"]
[Date "2006.06.04"]
[Round "2.5"]
[White "Haferland, Konstantin"]
[Black "Große, Christian"]
[Result "0-1"]
[WhiteElo "1277"]
[BlackElo "1552"]
[PlyCount "116"]
[EventDate "2006.??.??"]
[EventType "swiss"]
[EventRounds "11"]
[EventCountry "GER"]

1. e4 c5 2. Nf3 Nc6 3. d4 cxd4 4. Nxd4 Nf6 5. Nc3 e5 6. Nf3 Bb4 7. Bd3 d5 8. a3
Bxc3+ 9. bxc3 dxe4 10. Nxe5 Nxe5 11. Bb5+ Bd7 12. Be2 O-O 13. O-O Bg4 14. Bxg4
Nexg4 15. h3 Ne5 16. Bf4 Ng6 17. Bg5 Qxd1 18. Raxd1 Rad8 19. Rfe1 Rfe8 20. Be3
b6 21. Bg5 e3 22. fxe3 Ne4 23. Bf4 Nxc3 24. Rd3 Nxf4 25. Rxc3 Re7 26. Kf2 Rde8
27. Rd1 Ne6 28. Rdd3 Nc5 29. Rxc5 bxc5 30. Rc3 g6 31. g4 f6 32. Kf3 Kf7 33. h4
Re5 34. Kf4 Rd8 35. g5 Rf5+ 36. Kg4 fxg5 37. hxg5 Rdd5 38. e4 Rxg5+ 39. Kf4
Rde5 40. Rd3 Rh5 41. Re3 Kf6 42. Kg4 Rh2 43. Rf3+ Kg7 44. Re3 Rxc2 45. Kf4 Re6
46. e5 Rc4+ 47. Kf3 g5 48. Kg3 h5 49. Kh3 Rf4 50. Kg3 Rf5 51. Rd3 Rfxe5 52.
Rd7+ Re7 53. Rd3 Kg6 54. Rf3 Re4 55. Rd3 h4+ 56. Kh3 Re3+ 57. Rxe3 Rxe3+ 58.
Kg4 Rg3# 0-1

[Event "DEM U10"]
[Site "Willingen"]
[Date "2006.06.04"]
[Round "2.7"]
[White "Urban, Lars"]
[Black "Kyas, Philipp"]
[Result "0-1"]
[WhiteElo "1265"]
[BlackElo "1506"]
[PlyCount "46"]
[EventDate "2006.??.??"]
[EventType "swiss"]
[EventRounds "11"]
[EventCountry "GER"]

1. c4 e5 2. Nc3 Nc6 3. Nf3 Be7 4. d4 exd4 5. Nxd4 Nf6 6. g3 O-O 7. Bg2 Bc5 8.
e3 Re8 9. O-O Ne5 10. Qb3 d6 11. f4 Neg4 12. Nd5 c6 13. h3 cxd5 14. hxg4 dxc4
15. Qxc4 Nxg4 16. b4 Bxd4 17. Qxd4 Qf6 18. Rd1 Bf5 19. Rd2 Qe7 20. Rd1 d5 21.
Rb1 Bxb1 22. a3 Be4 23. Bxe4 Qxe4 0-1

[Event "DEM U10"]
[Site "Willingen"]
[Date "2006.06.04"]
[Round "2.8"]
[White "Nöttling, Dominik"]
[Black "Höpfner, Tim"]
[Result "1/2-1/2"]
[WhiteElo "1503"]
[BlackElo "1265"]
[PlyCount "139"]
[EventDate "2006.??.??"]
[EventType "swiss"]
[EventRounds "11"]
[EventCountry "GER"]

1. e4 c5 2. Nf3 d6 3. d4 cxd4 4. Nxd4 Nf6 5. Nc3 a6 6. Bg5 e6 7. Be2 Be7 8. O-O
O-O 9. Qd2 Nc6 10. Rad1 Kh8 11. Bxf6 gxf6 12. Bh5 Qa5 13. Nxc6 bxc6 14. Qh6 Qg5
15. Qxg5 fxg5 16. f4 d5 17. fxg5 Bxg5 18. Rxf7 Rxf7 19. Bxf7 Be3+ 20. Kh1 d4
21. Ne2 e5 22. c3 c5 23. Ng3 Bg4 24. Re1 Rb8 25. Bb3 Bf4 26. Ne2 Bxe2 27. Rxe2
d3 28. Re1 d2 29. Rd1 c4 30. Bxc4 Rxb2 31. Bb3 Kg7 32. g3 Bh6 33. Kg2 a5 34.
Kh3 a4 35. Bxa4 Rxa2 36. Bb5 Rc2 37. Be2 Rxc3 38. Kg4 Kg6 39. h4 Re3 40. Bf3
Re1 41. Kh3 Kf6 42. g4 Bf4 43. g5+ Kg6 44. Kg4 h6 45. h5+ Kf7 46. g6+ Kf6 47.
Kh3 Re3 48. Kg2 Rd3 49. Kf2 Rd7 50. Rb1 Kg5 51. Ke2 Bg3 52. Rg1 Kf4 53. Rf1 Kg5
54. Kd1 Be1 55. Rg1+ Kf6 56. Kc2 Kg7 57. Rf1 Rc7+ 58. Kd3 Rd7+ 59. Ke3 Rd6 60.
Bg4 Rf6 61. Rxf6 Kxf6 62. Bd1 Kg7 63. Kf3 Bh4 64. Kg4 Bg5 65. Kf5 Bf4 66. Ke6
Bg3 67. Kf5 Bf4 68. Kg4 Kf6 69. Bb3 Bg5 70. Kf3 1/2-1/2

[Event "DEM U10"]
[Site "Willingen"]
[Date "2006.06.04"]
[Round "2.9"]
[White "Mainik, Philipp"]
[Black "Lebeda, Timo"]
[Result "0-1"]
[WhiteElo "1258"]
[BlackElo "1496"]
[PlyCount "114"]
[EventDate "2006.??.??"]
[EventType "swiss"]
[EventRounds "11"]
[EventCountry "GER"]

1. e4 c5 2. Nf3 d6 3. d4 cxd4 4. Nxd4 Nf6 5. Nc3 a6 6. Be2 e6 7. O-O Be7 8. Be3
O-O 9. f4 Qc7 10. Qd3 b5 11. f5 e5 12. Nb3 Bb7 13. Bf3 Nbd7 14. Rfe1 Rac8 15.
Rac1 b4 16. Ne2 Qc6 17. Ng3 Qc7 18. c3 bxc3 19. Rxc3 Qb8 20. Rec1 Qa8 21. Rxc8
Rxc8 22. Rxc8+ Qxc8 23. Qc3 Qxc3 24. bxc3 d5 25. Nd2 Nc5 26. exd5 Bxd5 27. Bxd5
Nxd5 28. Nc4 Nxc3 29. Nxe5 Nxa2 30. Nc6 Bd6 31. Ne2 Ne4 32. Ned4 Nb4 33. Nxb4
Bxb4 34. Nc6 Bc5 35. Bxc5 Nxc5 36. Na5 g6 37. fxg6 fxg6 38. Kf2 Kf7 39. g4 Ke6
40. Ke3 Kd5 41. h4 Nd7 42. Kf4 h6 43. h5 gxh5 44. g5 hxg5+ 45. Kxg5 Nf6 46. Kh4
Ke5 47. Kg3 Kf5 48. Kh2 Kg4 49. Kg2 h4 50. Nc6 h3+ 51. Kh2 Nd7 52. Kh1 Kg3 53.
Nb4 Nc5 54. Na2 Nd3 55. Kg1 h2+ 56. Kf1 Kf3 57. Nc3 h1=R# 0-1

[Event "DEM U10"]
[Site "Willingen"]
[Date "2006.06.04"]
[Round "2.10"]
[White "Blübaum, Matthias"]
[Black "Engshuber, Maximilian"]
[Result "1-0"]
[WhiteElo "1475"]
[BlackElo "1228"]
[PlyCount "161"]
[EventDate "2006.??.??"]
[EventType "swiss"]
[EventRounds "11"]
[EventCountry "GER"]

1. d4 d5 2. c4 dxc4 3. Nf3 Nf6 4. e3 e6 5. Bxc4 c5 6. O-O a6 7. a4 Nc6 8. Nc3
cxd4 9. exd4 Qc7 10. Bg5 Be7 11. Re1 O-O 12. Qc2 Nxd4 13. Nxd4 Qxc4 14. Nb3 Qg4
15. Bxf6 Bxf6 16. Rad1 b6 17. f3 Qc4 18. Re4 Qc7 19. Rg4 Bb7 20. Rd2 Be5 21.
Rh4 f5 22. Nd4 Qc5 23. Kh1 Qc4 24. Qd3 Qxd3 25. Rxd3 Bxd4 26. Rhxd4 e5 27. Rd6
e4 28. fxe4 fxe4 29. Rd1 e3 30. Rxb6 Be4 31. Re1 Bd3 32. Re6 Rae8 33. Rxe8 Rxe8
34. Kg1 Rf8 35. g3 Rf3 36. Ne2 Rf2 37. Nd4 Rxb2 38. Rxe3 Rb1+ 39. Kg2 Rb2+ 40.
Kf3 Bc2 41. Nxc2 Rxc2 42. Re6 Rc3+ 43. Kg2 Kf7 44. Rxa6 Ra3 45. Ra7+ Kg6 46. a5
Kh6 47. a6 Kg6 48. Kf2 Kh6 49. Ke2 Kg6 50. Kd2 Kh6 51. Kc2 Ra5 52. Kb3 Rb5+ 53.
Ka4 Rb2 54. Rb7 Rxh2 55. Kb5 Rh5+ 56. Kb6 Rf5 57. Ka7 Ra5 58. Rb6+ g6 59. Kb7
Ra1 60. a7 Rxa7+ 61. Kxa7 Kh5 62. Rb7 h6 63. Kb6 Kg4 64. Rg7 g5 65. Rg6 Kh5 66.
Rf6 g4 67. Kc5 Kg5 68. Rf8 h5 69. Kd4 h4 70. Rg8+ Kh5 71. Rh8+ Kg6 72. Rxh4 Kf5
73. Kd5 Kg5 74. Ke6 Kg6 75. Rxg4+ Kh5 76. Kf5 Kh6 77. Rg5 Kh7 78. Rg6 Kh8 79.
Kf6 Kh7 80. Kf7 Kh8 81. Rh6# 1-0

[Event "DEM U10"]
[Site "Willingen"]
[Date "2006.06.04"]
[Round "2.11"]
[White "Moritz, Aron"]
[Black "Rührmund, Daniel"]
[Result "1-0"]
[WhiteElo "1237"]
[BlackElo "1470"]
[PlyCount "137"]
[EventDate "2006.??.??"]
[EventType "swiss"]
[EventRounds "11"]
[EventCountry "GER"]

1. e4 c5 2. Nf3 e6 3. d4 cxd4 4. Nxd4 a6 5. Nc3 Qc7 6. Be3 Nf6 7. f3 b5 8. Bd3
Bb4 9. Qd2 Bb7 10. O-O-O Nc6 11. Kb1 Ne5 12. Ncxb5 Qa5 13. Nd6+ Ke7 14. Nxb7
Bxd2 15. Nxa5 Bxa5 16. Nb3 Bb4 17. Bc5+ Bxc5 18. Nxc5 Rhc8 19. Nb3 a5 20. Nc1
Rab8 21. Rd2 Rb6 22. Ka1 Nh5 23. Rhd1 Rbc6 24. c3 Nf4 25. Bb5 R6c7 26. g3 Nfg6
27. f4 Nc6 28. Nb3 Ra8 29. Nc5 Nf8 30. Nxd7 Nxd7 31. Bxc6 Rd8 32. Bxd7 Rdxd7
33. Rxd7+ Rxd7 34. Rxd7+ Kxd7 35. b4 Kc6 36. Kb2 Kb5 37. bxa5 Kxa5 38. Kb3 Kb5
39. a4+ Ka5 40. Kc4 Kxa4 41. Kc5 Kb3 42. c4 Kc3 43. e5 h6 44. Kb5 Kd4 45. c5 f6
46. exf6 gxf6 47. c6 e5 48. fxe5 fxe5 49. c7 e4 50. c8=Q e3 51. Qh8+ Kd3 52.
Qxh6 e2 53. Qc1 Ke4 54. Qe1 Kf3 55. Kc4 Ke3 56. Qxe2+ Kxe2 57. h4 Kf3 58. h5
Kxg3 59. h6 Kf4 60. h7 Ke5 61. h8=Q+ Ke4 62. Qf6 Ke3 63. Qe5+ Kf3 64. Kd3 Kg2
65. Qe4+ Kh3 66. Ke3 Kh2 67. Qg4 Kh1 68. Kf2 Kh2 69. Qg2# 1-0

[Event "DEM U10"]
[Site "Willingen"]
[Date "2006.06.04"]
[Round "2.12"]
[White "Galkin, Wladislaw"]
[Black "Wagner, Dennis"]
[Result "1-0"]
[WhiteElo "1457"]
[BlackElo "1225"]
[PlyCount "64"]
[EventDate "2006.??.??"]
[EventType "swiss"]
[EventRounds "11"]
[EventCountry "GER"]

1. d4 d5 2. c4 e6 3. Nc3 Nf6 4. Bg5 c6 5. cxd5 cxd5 6. e3 Bb4 7. a3 Bd6 8. Bd3
Nc6 9. Qc2 h6 10. Bxf6 Qxf6 11. Nge2 a6 12. O-O O-O 13. Rfd1 Bd7 14. e4 Nxd4
15. Nxd4 Qxd4 16. exd5 Qe5 17. g3 Kh8 18. dxe6 Bxe6 19. Bf1 Rac8 20. Rac1 Rfe8
21. Qd2 Bc5 22. Re1 Qf5 23. Qc2 Qg4 24. Qe4 Qg5 25. Bd3 Kg8 26. Qxb7 Rb8 27.
Qxa6 Rxb2 28. Bc2 Bxf2+ 29. Kxf2 Qd2+ 30. Qe2 Qd4+ 31. Qe3 Qf6+ 32. Kg1 Bd7 1-0

[Event "DEM U10"]
[Site "Willingen"]
[Date "2006.06.04"]
[Round "2.13"]
[White "Gamisch, Laura"]
[Black "Stahnecker, Ludwig"]
[Result "1-0"]
[WhiteElo "1226"]
[BlackElo "1447"]
[PlyCount "103"]
[EventDate "2006.??.??"]
[EventType "swiss"]
[EventRounds "11"]
[EventCountry "GER"]

1. d4 Nf6 2. c4 e6 3. Nc3 Bb4 4. Bg5 c5 5. dxc5 Bxc5 6. a3 Bxf2+ 7. Kxf2 Ng4+
8. Ke1 Qxg5 9. Nf3 Qc5 10. Nb5 Nf2 11. Qd6 Qxd6 12. Nxd6+ Ke7 13. Nxc8+ Rxc8
14. Kxf2 Rxc4 15. g3 Rc2 16. b4 d5 17. Bg2 Nd7 18. Rhc1 Rac8 19. Rd1 Nb6 20.
Nd4 R2c4 21. e4 e5 22. Nf5+ Kf6 23. Ne3 R4c6 24. Nxd5+ Nxd5 25. exd5 Rc2+ 26.
Kg1 b6 27. Rf1+ Ke7 28. Rad1 f6 29. Ra1 Kd6 30. Bh3 R8c3 31. Bf5 Rd2 32. Rfc1
Rf3 33. Rc6+ Kxd5 34. Rc7 Rff2 35. Rd7+ Kc4 36. Rxd2 Rxd2 37. Bxh7 Rd7 38. Bf5
Re7 39. Rd1 Kb3 40. Rd3+ Kb2 41. Kg2 Rc7 42. h4 Rc2+ 43. Kh3 Rc7 44. Kg4 a5 45.
bxa5 bxa5 46. Kh5 e4 47. Bxe4 g5 48. hxg5 Rc5 49. Rd5 Rxd5 50. Bxd5 fxg5 51.
Kxg5 Kc3 52. Kf6 1-0

[Event "DEM U10"]
[Site "Willingen"]
[Date "2006.06.04"]
[Round "2.16"]
[White "Grewenig, Jan"]
[Black "Niedermayer, Julian Andi"]
[Result "0-1"]
[WhiteElo "1409"]
[BlackElo "1190"]
[PlyCount "54"]
[EventDate "2006.??.??"]
[EventType "swiss"]
[EventRounds "11"]
[EventCountry "GER"]

1. e4 e5 2. Nf3 Nc6 3. d4 exd4 4. Nxd4 Nf6 5. Nxc6 bxc6 6. Bd3 Bc5 7. Nc3 d6 8.
Bg5 h6 9. Bh4 Be6 10. O-O g5 11. Bg3 h5 12. h4 Ng4 13. hxg5 Qxg5 14. Qf3 O-O-O
15. e5 d5 16. Na4 Bb6 17. Nxb6+ cxb6 18. c4 Nxe5 19. Bxe5 Qxe5 20. Rfe1 Qg5 21.
Rac1 Kb7 22. c5 Rhg8 23. g3 h4 24. Rc3 hxg3 25. Rxe6 gxf2+ 26. Kxf2 Qg1+ 27.
Ke2 Rg2+ 0-1

[Event "DEM U10"]
[Site "Willingen"]
[Date "2006.06.04"]
[Round "2.17"]
[White "Weber, Clemens"]
[Black "Müller, Georg"]
[Result "1-0"]
[WhiteElo "1174"]
[BlackElo "1402"]
[PlyCount "71"]
[EventDate "2006.??.??"]
[EventType "swiss"]
[EventRounds "11"]
[EventCountry "GER"]

1. e4 e6 2. d4 d5 3. exd5 exd5 4. Nf3 c5 5. Nc3 Nc6 6. Be2 h6 7. O-O Nf6 8. Re1
Be7 9. dxc5 O-O 10. Be3 Qa5 11. Nxd5 Nxd5 12. Qxd5 Be6 13. Qh5 f6 14. Bd3 Bf7
15. Bg6 Bxg6 16. Qxg6 Bxc5 17. Bxh6 Rf7 18. Re2 Ne5 19. Nxe5 fxe5 20. c3 Bf8
21. h4 Rf6 22. Qg3 Rxh6 23. Rxe5 Qb6 24. Qf3 Bc5 25. Qd5+ Kh8 26. Qxc5 Qxb2 27.
Rae1 Qc2 28. Rh5 Qxa2 29. Rxh6+ gxh6 30. Qd4+ Kg8 31. Qg4+ Kh8 32. Qg6 Qd2 33.
Re7 Qc1+ 34. Kh2 Qf4+ 35. Kh3 Qf8 36. Qh7# 1-0

[Event "DEM U10"]
[Site "Willingen"]
[Date "2006.06.04"]
[Round "2.18"]
[White "Nitsche-Hahn, Raphael"]
[Black "Scheel, Henrik"]
[Result "1/2-1/2"]
[WhiteElo "1392"]
[BlackElo "1173"]
[PlyCount "126"]
[EventDate "2006.??.??"]
[EventType "swiss"]
[EventRounds "11"]
[EventCountry "GER"]

1. d4 d5 2. c4 dxc4 3. Nf3 e6 4. e3 Nf6 5. Bxc4 Bb4+ 6. Bd2 Bxd2+ 7. Nbxd2 Nc6
8. O-O O-O 9. Rc1 Bd7 10. Bb5 a6 11. Be2 Rc8 12. Rc2 Ne7 13. Nc4 Ba4 14. b3 Bb5
15. Nfe5 Bxc4 16. Bxc4 Nfd5 17. Qd2 c5 18. dxc5 Rxc5 19. Rfc1 Nf6 20. Qxd8 Rxd8
21. Nf3 h6 22. h3 b5 23. Be2 Rxc2 24. Rxc2 Rd6 25. b4 Rb6 26. Nd4 Nfd5 27. a3
Rb8 28. Nc6 Rc8 29. Nxe7+ Nxe7 30. Rxc8+ Nxc8 31. Bf3 Nd6 32. Bc6 Nc4 33. a4
bxa4 34. Bxa4 Nb6 35. Bc6 Kf8 36. Kf1 Ke7 37. Ke2 Kd6 38. Bb7 Nd5 39. Bxa6 Nxb4
40. Bb5 g5 41. g3 f5 42. f4 gxf4 43. gxf4 Nd5 44. Bc4 Nc3+ 45. Kd3 Nd1 46. Kd4
Nf2 47. Bf1 Ne4 48. Bg2 Nc5 49. e4 fxe4 50. Bxe4 Nxe4 51. Kxe4 Ke7 52. Ke5 Kf7
53. Kd6 Kf6 54. h4 h5 55. Kd7 Kf5 56. Ke7 Kxf4 57. Kxe6 Kg4 58. Ke5 Kxh4 59.
Kf4 Kh3 60. Kf3 h4 61. Kf2 Kh2 62. Kf1 h3 63. Kf2 Kh1 1/2-1/2

[Event "DEM U10"]
[Site "Willingen"]
[Date "2006.06.04"]
[Round "2.19"]
[White "Schreiber, Kevin"]
[Black "Carmesin, Matthias"]
[Result "0-1"]
[WhiteElo "1156"]
[BlackElo "1379"]
[PlyCount "68"]
[EventDate "2006.??.??"]
[EventType "swiss"]
[EventRounds "11"]
[EventCountry "GER"]

1. d4 d5 2. Nf3 e6 3. e3 c5 4. c3 Nc6 5. Bd3 Nf6 6. O-O Be7 7. Nbd2 O-O 8. e4
b6 9. dxc5 bxc5 10. e5 Nd7 11. Re1 Qc7 12. Qe2 Bb7 13. Nf1 Rfe8 14. Ng3 f6 15.
exf6 Bxf6 16. Be3 e5 17. Bf5 e4 18. Nd2 d4 19. cxd4 cxd4 20. Qc4+ Kh8 21. Bxd4
Bxd4 22. Rab1 Nde5 23. Qc2 Qb6 24. Bxe4 Bxf2+ 25. Kh1 Bxe1 26. Rxe1 Nd4 27. Qb1
Bxe4 28. Qxe4 Ndc6 29. Nc4 Qc5 30. b3 Qd4 31. Qe2 Qd3 32. Qh5 Ng6 33. Rxe8+
Rxe8 34. h3 Qxg3 0-1

[Event "DEM U10"]
[Site "Willingen"]
[Date "2006.06.04"]
[Round "2.20"]
[White "Eigemann, Frederik"]
[Black "Powierski, Emil"]
[Result "1-0"]
[WhiteElo "1372"]
[BlackElo "1155"]
[PlyCount "117"]
[EventDate "2006.??.??"]
[EventType "swiss"]
[EventRounds "11"]
[EventCountry "GER"]

1. e4 c5 2. Nf3 d6 3. d4 cxd4 4. Nxd4 Nf6 5. Nc3 a6 6. f3 e5 7. Nb3 Be6 8. Bg5
Be7 9. Qd2 O-O 10. Bd3 Qc7 11. O-O Nbd7 12. Rfe1 Nb6 13. Rad1 Nc4 14. Bxc4 Bxc4
15. Bxf6 gxf6 16. Nd5 Bxd5 17. Qxd5 Rab8 18. c3 Kh8 19. Qa5 Qxa5 20. Nxa5 Rg8
21. Nc4 Rbd8 22. Re2 f5 23. exf5 d5 24. Nxe5 Bc5+ 25. Kf1 Kg7 26. Red2 Rge8 27.
Rxd5 Rxd5 28. Rxd5 Bd6 29. Rxd6 Rxe5 30. g4 Rb5 31. b3 Ra5 32. a4 Re5 33. Kf2
Kf8 34. Rd7 b5 35. axb5 Rxb5 36. b4 Rb6 37. h4 Rc6 38. Rd3 Rh6 39. h5 Ke7 40.
Ke3 Rc6 41. Kd2 Kf6 42. f4 Rc4 43. Rd6+ Ke7 44. Rd4 Rc6 45. Kd3 Ke8 46. c4 Rb6
47. c5 Rb5 48. Rc4 a5 49. bxa5 Rxa5 50. c6 Ra3+ 51. Kd4 Rg3 52. c7 Rxg4 53.
c8=Q+ Ke7 54. f6+ Kxf6 55. Qxg4 h6 56. Rc6+ Ke7 57. Kd5 Kd8 58. Kd6 Ke8 59.
Rc8# 1-0

[Event "DEM U10"]
[Site "Willingen"]
[Date "2006.06.04"]
[Round "2.21"]
[White "Lagunov, Elina"]
[Black "Schnorr, Christian"]
[Result "1/2-1/2"]
[WhiteElo "857"]
[BlackElo "1372"]
[PlyCount "58"]
[EventDate "2006.??.??"]
[EventType "swiss"]
[EventRounds "11"]
[EventCountry "GER"]

1. e4 c5 2. Nf3 e6 3. d4 cxd4 4. Nxd4 Nf6 5. Nc3 a6 6. Be2 b5 7. e5 Ng8 8. Bf3
Ra7 9. Be3 Rc7 10. Ndxb5 axb5 11. Bb6 Bc5 12. Ba5 Ba6 13. Be2 Nc6 14. Bxc7 Qxc7
15. Ne4 Nxe5 16. Nxc5 Qxc5 17. Qd2 Nf6 18. O-O-O Qxf2 19. Qd6 Nc6 20. Bf3 Qb6
21. Bxc6 Qxc6 22. Qb8+ Qc8 23. Qd6 Ne4 24. Qf4 d5 25. Rhf1 f6 26. Qg4 Kf8 27.
h4 Qe8 28. Qf4 Qd8 29. Qxe4 Qe7 1/2-1/2

[Event "DEM U10"]
[Site "Willingen"]
[Date "2006.06.04"]
[Round "2.22"]
[White "Volz, Alexander"]
[Black "Steimbach, Isabel"]
[Result "0-1"]
[WhiteElo "1366"]
[BlackElo "975"]
[PlyCount "104"]
[EventDate "2006.??.??"]
[EventType "swiss"]
[EventRounds "11"]
[EventCountry "GER"]

1. d4 d5 2. c4 Nf6 3. Nc3 Nc6 4. e3 Be6 5. c5 g6 6. Nf3 Bg7 7. h3 O-O 8. Bd3
Nb4 9. Bb1 b6 10. cxb6 cxb6 11. a3 Nc6 12. O-O Rc8 13. Bd3 Re8 14. Bb5 Bd7 15.
Bd2 Ne4 16. Nxe4 dxe4 17. Bxc6 Bxc6 18. Ne1 e5 19. dxe5 Bxe5 20. Rb1 Bb5 21. f4
Bxf1 22. Kxf1 Qf6 23. b4 Red8 24. Kg1 Bc3 25. Bxc3 Rxd1 26. Bxf6 Rxb1 27. Kf2
Rb3 28. Bd4 Rxa3 29. g4 Ra4 30. b5 Ra5 31. h4 Rxb5 32. Be5 a5 33. h5 gxh5 34.
gxh5 a4 35. Ng2 a3 36. Nh4 a2 37. Nf5 Rxe5 38. fxe5 a1=Q 39. Ne7+ Kg7 40. Nxc8
Qb2+ 41. Kg3 Qxe5+ 42. Kf2 Qf5+ 43. Ke2 Qxc8 44. h6+ Kxh6 45. Kf2 Qc3 46. Kg2
Qxe3 47. Kh2 Kh5 48. Kg2 Kh4 49. Kf1 Qd2 50. Kg1 Kh3 51. Kf1 Kg3 52. Kg1 Qe1#
0-1

[Event "DEM U10"]
[Site "Willingen"]
[Date "2006.06.04"]
[Round "2.23"]
[White "Sasse, Fabius"]
[Black "Srokovskiy, Andrea"]
[Result "1-0"]
[WhiteElo "1337"]
[BlackElo "940"]
[PlyCount "71"]
[EventDate "2006.??.??"]
[EventType "swiss"]
[EventRounds "11"]
[EventCountry "GER"]

1. d4 d5 2. c4 e6 3. Nc3 Nf6 4. Bf4 Bb4 5. Nf3 O-O 6. e3 Ne4 7. Qb3 Nc6 8. Bd3
h6 9. O-O Bxc3 10. bxc3 Na5 11. Qb5 c6 12. Qb4 b6 13. Bxe4 dxe4 14. Nd2 Ba6 15.
Rfd1 f5 16. Bd6 Rf7 17. c5 Rd7 18. Be5 Rd5 19. c4 bxc5 20. Qa4 Rd7 21. Nb3 Nxb3
22. axb3 Bb7 23. Qa5 Qg5 24. Qxc5 h5 25. Rxa7 Qg4 26. Rf1 h4 27. h3 Qg6 28.
Rxa8+ Bxa8 29. Ra1 Rd8 30. Qe7 Re8 31. Qxh4 Bb7 32. Qg3 Qf7 33. h4 Re7 34. b4
Kh7 35. c5 Qh5 36. Qg5 1-0

[Event "DEM U10"]
[Site "Willingen"]
[Date "2006.06.04"]
[Round "2.24"]
[White "Rahimi, Anita"]
[Black "Pfadenhauer, Johannes"]
[Result "0-1"]
[WhiteElo "849"]
[BlackElo "1281"]
[PlyCount "52"]
[EventDate "2006.??.??"]
[EventType "swiss"]
[EventRounds "11"]
[EventCountry "GER"]

1. e4 c5 2. Nf3 d6 3. Bc4 Nc6 4. Nc3 Nf6 5. d3 g6 6. Bd2 Bg7 7. O-O O-O 8. h3
a6 9. a4 Bd7 10. b3 Qc7 11. Re1 Rfe8 12. Ng5 e6 13. Qe2 Nd4 14. Qd1 b5 15. axb5
axb5 16. Bxb5 Nxb5 17. Ne2 Rxa1 18. Qxa1 Nxe4 19. Qc1 Nxd2 20. Qxd2 Bc6 21. c4
Nd4 22. Rb1 Nxe2+ 23. Qxe2 Qb7 24. f3 Bd4+ 25. Kh1 d5 26. Qc2 h6 0-1

[Event "DEM U10"]
[Site "Willingen"]
[Date "2006.06.05"]
[Round "2.25"]
[White "Schmalhorst, Sophia"]
[Black "Knopf, Felix"]
[Result "0-1"]
[WhiteElo "879"]
[BlackElo "1251"]
[PlyCount "62"]
[EventDate "2006.??.??"]
[EventType "swiss"]
[EventRounds "11"]
[EventCountry "GER"]

1. e4 d5 2. exd5 Qxd5 3. Nc3 Qa5 4. d4 Nf6 5. Nf3 Bg4 6. Be2 c6 7. Bd2 Qc7 8.
O-O e6 9. Re1 Nbd7 10. Qc1 Bd6 11. Be3 Bxf3 12. Bxf3 Bxh2+ 13. Kf1 Bd6 14. Bg5
h6 15. Be3 O-O-O 16. Qd2 g5 17. a3 g4 18. Be2 h5 19. Na2 h4 20. Nb4 Ne4 21. Qd3
Bxb4 22. axb4 Qh2 23. Bxg4 Qh1+ 24. Ke2 Qxg2 25. Bf3 Ng3+ 26. Kd1 Qxf3+ 27. Kd2
Ne4+ 28. Kc1 Nef6 29. Rxa7 h3 30. Kd2 h2 31. Raa1 Ne4+ 0-1

[Event "DEM U10"]
[Site "Willingen"]
[Date "2006.06.04"]
[Round "2.26"]
[White "Neef, Maximilian"]
[Black "Bluhm, Sonja Maria"]
[Result "1/2-1/2"]
[WhiteElo "1197"]
[BlackElo "963"]
[PlyCount "40"]
[EventDate "2006.??.??"]
[EventType "swiss"]
[EventRounds "11"]
[EventCountry "GER"]

1. e4 e5 2. Nf3 Nc6 3. Bb5 a6 4. Ba4 Bc5 5. O-O d6 6. h3 h5 7. c3 Bg4 8. d3 Qf6
9. Nbd2 Nge7 10. b4 Bb6 11. Bb2 Ng6 12. d4 Nf4 13. d5 Nxh3+ 14. gxh3 Bxh3 15.
Kh2 Bxf1 16. Qxf1 Qf4+ 17. Kh1 Rc8 18. dxc6 bxc6 19. Bxc6+ Ke7 20. Rd1 Rh6
1/2-1/2